000 00301nam a22001337a 4500
008 170922b xxu||||| |||| 00| 0 eng d
020 _a9780807734988
041 _aeng
080 _22ND
_a37
100 _a46
101 _aEDU
245 _aDIVERSITY IN THE CLASSROOM
_cKENDALL,F.E
942 _2udc
_cBK
999 _c29058
_d29058